Monnaies d'Europe - Statistiques

Statistiques générales
  • Ce quiz a été pris 573 fois
    551 depuis la dernière actualisation
  • Le résultat moyen est 32 sur 48
Statistiques - réponses
Pays Monnaie % Correct
Allemagne Euro
99%
Andorre Euro
96%
Autriche Euro
95%
Belgique Euro
95%
Espagne Euro
91%
France Euro
91%
Grèce Euro
89%
Italie Euro
87%
Estonie Euro
86%
Irlande Euro
86%
Portugal Euro
86%
Croatie Euro
85%
Finlande Euro
85%
Luxembourg Euro
85%
Monaco Euro
85%
Pays-Bas Euro
85%
Royaume-Uni Livre sterling
84%
Malte Euro
83%
Saint-Marin Euro
83%
Chypre Euro
82%
Vatican Euro
82%
Lettonie Euro
81%
Slovénie Euro
81%
Lituanie Euro
80%
Slovaquie Euro
80%
Suisse Franc suisse
78%
Monténégro Euro
73%
Danemark Couronne danoise
72%
Kosovo Euro
69%
Russie Rouble russe
69%
Suède Couronne suédoise
68%
Norvège Couronne norvégienne
67%
Biélorussie Rouble biélorusse
66%
Pologne Złoty polonais
54%
République Tchéque Couronne tchèque
53%
Islande Couronne islandaise
52%
Liechtenstein Franc suisse
49%
Hongrie Forint hongrois
39%
Bulgarie Lev bulgare
38%
Albanie Lek albanais
35%
Roumanie Leu romain
34%
Moldavie Leu moldave
31%
Serbie Dinar serbe
29%
Bosnie-Herzégovine Mark convertible
24%
Macédoine du Nord Denar macédonien
20%
Arménie Dram arménien
17%
Géorgie Lari géorgien
15%
Ukraine Hryvnia ukrainienne
14%
Aucun quiz correspondant
Distribution des résultats
% des personnes avec chaque résultat
Percentile par nombre de réponses
Votre historique - résultats
Vous n’avez pas pris ce quiz depuis la dernière actualisation